| 000 | 00945nam a2200253 a 4500 | ||
|---|---|---|---|
| 001 | 000029154 | ||
| 005 | 20260304085435.0 | ||
| 008 | 110413s2003 dr 000 0 spa d | ||
| 040 |
_aDO-SdBNP _bspa _cBNPHU |
||
| 082 |
_axxx _bP397a |
||
| 100 | 1 |
_aPeña Gomez, Jose Francisco , _d1937-1998 _92994 |
|
| 245 | 1 | 0 |
_aEl antillanismo de Hostos, Betances y Lupeón / _cJosé Francisco Peña Gómez ; introducción Juan Uribe de Báez ; edición Juan Báez. |
| 260 |
_aSanto Domingo : _bCuadernos de la Trinitaria, _c2003. |
||
| 300 |
_avii, 23 p. ; _c21 cm. |
||
| 490 | 1 | _aCultura | |
| 490 | 1 |
_aRescate _amemoria historia _v1 |
|
| 500 | _a"Discurso pronunciado el 17 de enero de 1979" p. 1 | ||
| 500 | _aTítulo de la cubierta Hostos, Betances y Luperón | ||
| 700 | 1 |
_aUribe de Báez, Juan _eintrod. _956062 |
|
| 700 | 1 |
_aBáez, Juan _eed. _934057 |
|
| 830 | 0 |
_aRescate _pmemoria historia _v1 _956063 |
|
| 830 | 0 |
_aCultura _956064 |
|
| 049 | _aBNPD | ||
| 999 |
_c28646 _d28646 |
||